[Event "Ustron op-B"]
[Site "Ustron"]
[Date "2024.08.16"]
[Round "8"]
[White "Zichenkov, Oleksandr"]
[Black "Jankowski, Aleksander"]
[Result "1/2-1/2"]
[WhiteElo "1721"]
[BlackElo "1825"]
[PlyCount "237"]
[EventDate "2024.08.09"]
[EventType "swiss"]
[EventRounds "9"]
[EventCountry "POL"]
[SourceTitle "EXT 2025"]
[Source "ChessBase"]
[SourceDate "2024.10.14"]
[SourceVersion "1"]
[SourceVersionDate "2024.10.14"]
[SourceQuality "1"]

1. e4 d5 2. exd5 Nf6 3. d4 Nxd5 4. c4 Nf6 5. Nc3 Bf5 6. Nf3 e6 7. Bd3 Bxd3 8. Qxd3 Be7 9. 0-0 0-0 10. Bg5 c6 11. Rad1 Na6 12. Rfe1 h6 13. Bh4 Nc7 14. Ne4 a6 15. Ne5 Nxe4 16. Bxe7 Qxe7 17. Qxe4 Rad8 18. Nf3 Qf6 19. Qe5 Ne8 20. h3 Rd7 21. d5 cxd5 22. cxd5 Rxd5 23. Rxd5 exd5 24. Qxf6 Nxf6 25. Re7 b5 26. Ra7 Rc8 27. Nd4 Rc1+ 28. Kh2 Rc4 29. Nb3 Rc2 30. Kg1 Rxb2 31. Rxa6 Ne4 32. f3 Nc3 33. Nd4 Nxa2 34. Nxb5 Rxb5 35. Rxa2 Rb8 36. Kf2 Kf8 37. Ke3 Rd8 38. Ra7 Re8+ 39. Kd4 Re2 40. g4 Rd2+ 41. Ke3 Rh2 42. Rd7 Rxh3 43. Rxd5 Rh1 44. Rd7 Re1+ 45. Kf2 Re7 46. Rd8+ Re8 47. Rd7 g6 48. Ra7 Kg7 49. Ra5 Re6 50. Kg3 Rb6 51. Rc5 Rb7 52. Ra5 Rc7 53. Rb5 Rd7 54. Ra5 Re7 55. Rb5 Ra7 56. Rc5 f6 57. Rb5 Rf7 58. Kf4 Re7 59. Kg3 g5 60. Rb8 Rd7 61. Ra8 Rc7 62. Rb8 Ra7 63. Rc8 Ra5 64. Rb8 Ra4 65. Rc8 Rf4 66. Ra8 Rb4 67. Rc8 Ra4 68. Rb8 Rd4 69. Ra8 Rf4 70. Rb8 Ra4 71. Rc8 Ra1 72. Kg2 Ra6 73. Kg3 Ra4 74. Rb8 h5 75. gxh5 Rh4 76. Rb7+ Kh6 77. Rb6 Rf4 78. Rb8 Kxh5 79. Rh8+ Kg6 80. Rg8+ Kf7 81. Ra8 Rb4 82. Ra7+ Kg6 83. Ra8 Rb3 84. Rc8 Rb7 85. Ra8 Rb1 86. Rc8 Re1 87. Ra8 Re5 88. Rb8 Kf5 89. Ra8 Rb5 90. Rc8 Ra5 91. Rb8 Rd5 92. Ra8 Rb5 93. Rc8 Rb1 94. Rc5+ Kg6 95. Rc8 Rg1+ 96. Kf2 Rh1 97. Kg2 Ra1 98. Kg3 Ra6 99. Rg8+ Kf7 100. Rb8 f5 101. Rc8 Ra3 102. Rc7+ Kg6 103. Kg2 Ra2+ 104. Kg3 Re2 105. Rc8 f4+ 106. Kh3 Rf2 107. Rc3 Kf6 108. Rc6+ Ke7 109. Rc3 Kd6 110. Ra3 Kc6 111. Kg4 Rg2+ 112. Kf5 Rg3 113. Ke4 Kc5 114. Rd3 Kc4 115. Rd8 Kc3 116. Rd3+ Kc2 117. Rd5 Kc3 118. Rd3+ Kc2 119. Rd5 1/2-1/2

[Event "Ustron op-B"]
[Site "Ustron"]
[Date "2024.08.11"]
[Round "3"]
[White "Szawarnoga, Szymon"]
[Black "Zichenkov, Oleksandr"]
[Result "1-0"]
[WhiteElo "1805"]
[BlackElo "1721"]
[PlyCount "100"]
[EventDate "2024.08.09"]
[EventType "swiss"]
[EventRounds "9"]
[EventCountry "POL"]
[SourceTitle "EXT 2025"]
[Source "ChessBase"]
[SourceDate "2024.10.14"]
[SourceVersion "1"]
[SourceVersionDate "2024.10.14"]
[SourceQuality "1"]

1. d4 d5 2. c4 e6 3. Nf3 Nf6 4. g3 dxc4 5. Bg2 Be7 6. 0-0 0-0 7. Qc2 c5 8. Qxc4 Na6 9. Nc3 Nd5 10. Rd1 Nb6 11. Qb3 c4 12. Qc2 Nb4 13. Qb1 N6d5 14. Ne5 Nxc3 15. bxc3 Nd5 16. Bd2 Nb6 17. h4 f6 18. Nf3 Bd7 19. h5 Qe8 20. Nh4 f5 21. Bxb7 Rb8 22. Bf3 Nd5 23. Qc1 Bxh4 24. gxh4 f4 25. Kg2 Bc6 26. Rg1 Nf6 27. Bxf4 Rb5 28. h6 Bxf3+ 29. exf3 Nh5 30. Be5 Qf7 31. Qe3 g6 32. Rab1 Rxb1 33. Rxb1 Nf6 34. Bxf6 Qxf6 35. Rb7 Rf7 36. Rb8+ Rf8 37. Rb7 Rf7 38. Rxf7 Qxf7 39. Qe5 Qe7 40. Kg3 a6 41. Kg4 Qd7 42. Kg3 Qe7 43. Qb8+ Kf7 44. Qh8 Qc7+ 45. f4 Qa5 46. Qxh7+ Ke8 47. Qxg6+ Kd7 48. Qg7+ Kc6 49. h7 Qxc3+ 50. Kh2 Qf3 1-0

[Event "Kiev Spring op"]
[Site "Kiev"]
[Date "2023.03.25"]
[Round "1"]
[White "Bondar, Wladimir"]
[Black "Zichenkov, Oleksandr"]
[Result "1-0"]
[WhiteElo "1944"]
[BlackElo "1136"]
[PlyCount "147"]
[EventDate "2023.03.25"]
[EventType "swiss"]
[EventRounds "9"]
[EventCountry "UKR"]
[SourceTitle "EXT 2024"]
[Source "ChessBase"]
[SourceDate "2023.10.10"]
[SourceVersion "1"]
[SourceVersionDate "2023.10.10"]
[SourceQuality "1"]

1. b3 Nf6 2. Bb2 d5 3. Bxf6 exf6 4. d4 Bd6 5. e3 Bf5 6. Nd2 0-0 7. g3 Nd7 8. Bg2 c6 9. Ne2 Nb6 10. a3 Rc8 11. c4 dxc4 12. bxc4 Be7 13. Qb3 Qd7 14. 0-0 c5 15. d5 Bd6 16. a4 Be5 17. Ra2 Qc7 18. f4 Bd6 19. e4 Bd7 20. a5 Na8 21. Rb1 b6 22. a6 Qd8 23. Nc3 Nc7 24. Re1 Re8 25. h4 h5 26. Kh2 g6 27. Nf3 Bg4 28. Ng1 Kg7 29. Nh3 Bxh3 30. Bxh3 Rb8 31. Nb5 Nxb5 32. Qxb5 Re7 33. Rae2 Qe8 34. Qb2 b5 35. cxb5 Rxb5 36. Qc3 c4 37. Qxc4 Rc7 38. Qa4 Rb8 39. Qxe8 Rxe8 40. e5 fxe5 41. fxe5 Rce7 42. e6 fxe6 43. dxe6 Bc5 44. Rd1 Bb6 45. Kg2 Kg8 46. Red2 Kg7 47. Rd7 Bc5 48. Kf3 Rxd7 49. exd7 Rd8 50. Ke4 Kf7 51. Kd5 Bb6 52. Kd6 Kf8 53. Rf1+ Kg7 54. Ke7 Rb8 55. Ke6 Bd8 56. Rd1 Rb6+ 57. Rd6 Rxd6+ 58. Kxd6 Kf6 59. Bf1 g5 60. hxg5+ Kxg5 61. Be2 h4 62. gxh4+ Kxh4 63. Ke6 Kg5 64. Kf7 Kf5 65. Ke8 Bc7 66. d8Q Bxd8 67. Kxd8 Ke6 68. Kc7 Ke7 69. Kb7 Kd7 70. Kxa7 Kc7 71. Bg4 Kc6 72. Kb8 Kb6 73. a7 Kc5 74. a8Q 1-0